Catálogo
 En Linea

Biologìa : (Registro nro. 49317)

Detalles MARC
000 -CABECERA
campo de control de longitud fija 00870nam a22002177a 4500
003 - IDENTIFICADOR DEL NÚMERO DE CONTROL
campo de control OSt
005 - FECHA Y HORA DE LA ÚLTIMA TRANSACCIÓN
campo de control 20210113093141.0
008 - DATOS DE LONGITUD FIJA--INFORMACIÓN GENERAL
campo de control de longitud fija 210113b ||||| |||| 00| 0 spa d
020 ## - NÚMERO INTERNACIONAL ESTÁNDAR DEL LIBRO
Número Internacional Estándar del Libro 9945400053
040 ## - FUENTE DE LA CATALOGACIÓN
Centro catalogador/agencia de origen DO-SdBNP
Lengua de catalogación spa
Centro/agencia transcriptor BNPHU
082 ## - NÚMERO DE LA CLASIFICACIÓN DECIMAL DEWEY
Número de clasificación xxx
Número de documento/Ítem R579b
100 10 - ENTRADA PRINCIPAL--NOMBRE DE PERSONA
Nombre de persona Rincòn, Andrea Griselda
9 (RLIN) 72483
245 10 - MENCIÓN DE TÍTULO
Título Biologìa :
Resto del título teorìa y pràctica : primero de bachillerato, primer curso-primer ciclo /
Mención de responsabilidad, etc. Andrea Griselda Rincòn, Julia Mery Vàzquez Guichard, Juana de Jesùs Ruìz ; ilustrador Rafael Hutchinson Silveira, portada Carlos Peña Juzgado
260 ## - PUBLICACIÓN, DISTRIBUCIÓN, ETC.
Lugar de publicación, distribución, etc. Santo Domingo :
Nombre del editor, distribuidor, etc. Actualidad Escolar 2000,
Fecha de publicación, distribución, etc. [2000]
300 ## - DESCRIPCIÓN FÍSICA
Extensión 160 p. :
Otras características físicas Il.
Dimensiones 28.5 cm
590 ## - NOTA LOCAL (RLIN)
Nota local Inventariado, 2021 / DG
700 ## - PUNTO DE ACCESO ADICIONAL--NOMBRE DE PERSONA
Nombre de persona Vàzquez Guichard, Julia Mery
Término indicativo de función/relación Autora
9 (RLIN) 77669
700 ## - PUNTO DE ACCESO ADICIONAL--NOMBRE DE PERSONA
Nombre de persona Jesùs Ruìz, Juana de
Término indicativo de función/relación Autora
9 (RLIN) 77670
910 ## - DATOS DE OPCIÓN DEL USUARIO (OCLC)
Datos de opción del usuario Inventariado, 2021 / DG
942 ## - ELEMENTOS DE PUNTO DE ACCESO ADICIONAL (KOHA)
Fuente del sistema de clasificación o colocación Dewey Decimal Classification
Tipo de ítem Koha Libro
Existencias
Estado de retiro Estado de pérdida Fuente del sistema de clasificación o colocación No para préstamo Código de colección Localización permanente Ubicación/localización actual Ubicación en estantería Fecha de adquisición Fuente de adquisición Total de préstamos Signatura topográfica completa Fecha visto por última vez Precio válido a partir de Tipo de ítem Koha
    Dewey Decimal Classification   Monografías: Libros y Folletos Biblioteca Nacional Pedro Henríquez Ureña Biblioteca Nacional Pedro Henríquez Ureña En catalogación 13.01.2021 Depòsito legal   xxx R579b 13.01.2021 13.01.2021 Libro

Con tecnología Koha